[Event "Armenische Meisterschaft"]
[Site "Armenien"]
[Date "2012.01.12"]
[Round "2"]
[White "Melkumyan, Hrant"]
[Black "Hovhannisyan, Robert"]
[Result "1-0"]
[WhiteElo "2620"]
[BlackElo "2589"]
[Annotator "Wolfram Burckhardt"]
[PlyCount "83"]
[EventDate "15.??.??"]

1. d4 d5 2. c4 c6 3. Nc3 Nf6 4. e3 e6 5. Nf3 Nbd7 6. Bd3 dxc4 7. Bxc4 b5 8. Be2
Bb7 9. O-O Be7 10. a3 a5 11. Qc2 O-O 12. Rd1 Qb8 13. e4 b4 14. Na4 c5 15. e5
Be4 {Die erste richtungsweisende Entscheidung trifft Schwarz mit seinem Plan,
die weiße Bauernstruktur am Königsflügel aufzubrechen, allerdings auf Kosten
eines Bauernverlustes, denn nach dem Abzug des Springers hängt der h7-Bauer,
ein kritisches Feld der Partie, wie wir später noch sehen werden.} 16. Bd3 Bxf3
{... wer A sagt, muss auch B sagen} 17. gxf3 b3 18. Qb1 Nd5 19. Bxh7+ Kh8 20.
Be4 cxd4 21. f4 {mehr oder minder erzwungen, e5 musste gedeckt werden.} f5 {
Das ist sicher die erste grobe Fehlentscheidung, die Havhannisyan trifft. Er
verschafft Hrant einen gedeckten Freibauern, der auch die Partie letztlich
entscheiden wird und das Rennen gegen den kommenden schwarzen Freibauern auf
b3 machen wird. Zudem schwächt f5 die Felder um den ohnehin schon exponierten
schwarzen König. Deutlich besser wären zum Beispiel Td8 oder auch Sc5 gewesen,
auch g6 kam in Betracht.} 22. Bxd5 {
Hrant nimmt natürlich diese sich bietende Gelegenheit dankbar an!} exd5 23.
Rxd4 Nc5 24. Nxc5 Bxc5 25. Rd3 Ra6 {Hrant und sein Gegner spekulieren beide
auf taktische Chancen, die sich aufgrund der exponierten Könige bieten.} 26.
Rh3+ Rh6 27. Qd3 a4 {Es ist schwer diesen Zug zu tadeln, da er aus schwarzer
Perspektive erst einmal sehr natürlich scheint. Er deckt den fortgeschrittenen
Bauern auf b3, der ja durch Dame und Turm bedroht ist. Möglicherweise wäre es
aber für Schwarz klüger gewesen, zuerst mit Db6 (Da7) fortzusetzen. Weiß wäre
zu Tf3 gezwungen, was Schwarz die Möglichkeiten Tg6 oder aber a4 gegeben hätte.
} 28. Bd2 Qb6 29. Rf1 Rxh3 30. Qxh3+ Kg8 31. Qf3 Bd4 {Schwarz setzt alles auf
eine Karte, seinen einzigen Trumpf, den Bauern b3, objektiv besser war
sicherlich De6, aber das schien Havhannisyan offensichtlich zu trostlos. Aber
dennoch ist nicht ganz klar, wie Weiß seinen offenkundigen Vorteil
weiterausbauen kann, muss er doch immer mit einem Läuferopfer auf a3 rechnen
bzw. Kräfte für die Verteidigung seines b2-Bauern mobilisieren.} 32. Qxd5+ {
Hrant lässt sich das nicht zweimal sagen und schlägt nach kurzem Nachdenken
den Bauern d5, noch zumal mit Schach. Aber dennoch: So klar ist die Lage nicht,
es erstaunt einigermaßen, dass der Rechner bei seiner Stellungsbewertung trotz
zweier Mehrbauern nur einen kleinen Vorteil von Weiß anzeigt und in der Tat
hat Schwarz Gegenspiel, der Tum kann über Td8 ins Geschehen eingreifen,
während Weiß sich um b2 und f2 kümmern muss. Zunächst jedoch steht eine im
wahrsten Sinne wichtige Entscheidung an:h7oderh8?} Kh7 {... das war das
falsche Feld. So kurios es anmuten mag, aber nach Kh8 ist das Ergebnis noch
nicht ganz klar. Der Unterschied ist, dass Weiß in der Folge in einigen
Varianten den Bauern f5 nicht mit Schach schlagen könnte.} 33. e6 Bxb2 {
den Rest erledigt Hrant ohne viel Federlesens} 34. Bb4 Rf6 35. e7 Qb8 36. Re1
Qe8 37. h3 {... einen Tick besser wäre Te3 gewesen.} Rg6+ 38. Kh2 Bf6 39. Qxf5
Kh6 40. Qe4 b2 41. f5 Bxe7 42. Bxe7 ({... den Gefallen} 42. fxg6 Bd6+ 43. Kg2
Qxe4+ 44. Rxe4 b1=Q {wollte Hrant seinem Gegner heute mal nicht gönnen, das
blieb dem gestrigem Tag vorbehalten. Insgesamt ein überzeugender Sieg von
Hrant, der nun einen Einstieg in das Turnier gefunden hat und aus diesem Sieg
sicherlich Motivation für die weiterhin schweren Gegner ziehen wird.}) 1-0

[Event "Armenian Champinchip 2012"]
[Site "?"]
[Date "2012.01.14"]
[Round "4"]
[White "Melkumian, Hrant"]
[Black "Grigorian, Avetik"]
[Result "1/2-1/2"]
[WhiteElo "2620"]
[BlackElo "2621"]
[Annotator "Ilja Schneider"]
[PlyCount "76"]
[EventDate "2012.??.??"]

1. d4 d5 2. c4 dxc4 {Das angenommene Damengambit...} 3. Nf3 c6 {...oder doch
eine etwas obskure Slawisch-Linie. Wie dem auch sei, Hrants Gegner ist es
gelungen, ihn etwas aus seinem Territorium zu locken. Gegen die Slawische
Zugfolge pflegt Melkumian eher zu 3.Sc3 zu tendieren, wonach 3...dxc4 auch
möglich ist, aber zu anderen Stellungen tendiert.} 4. e3 Be6 5. Nc3 (5. Qc2 {
wird in der berühmten Avrukh-Bibel zum Besten gegeben, aber die weiteren
Varianten, mit denen Weiß angeblich auf Vorteil hoffen darf, sind nicht alle
überzeugend.}) 5... b5 6. a4 b4 7. Na2 ({oder} 7. Ne4 {Danach geht der
Springer oftmals nach d2 zurück und schnappt sich den c4, während Schwarz sich
zu Ende entwickeln kann.}) 7... a5 8. Ng5 Bd5 {Nach dieser Partie wird dieser
Zug vermutlich weniger Anhänger haben, als jetzt schon. Die meisten Schwarzen
zogen den Läufer nach c8 zurück, und nach der Folge} (8... Bc8 9. Bxc4 e6 10.
e4 Be7 11. Nf3 Nf6 {besetzt Weiß zwar das Zentrum, aber Schwarz hat wegen der
bisher schrecklichen Stellung des verirrten Sa2 Hoffnung auf ein erträgliches
Leben.}) 9. e4 h6 10. exd5 hxg5 (10... cxd5 {sieht stylish aus, aber bei einer
so schlechten schwarzen Entwicklung kann trotz der starken Bauernkette keine
Rede von Kompensation für die Figur sein.}) 11. Bxc4 cxd5 12. Bb5+ Nd7 13. Bxg5
Ngf6 14. Nc1 {So weit alles schon dagewesen.} Ne4 $2 ({
In der Vorgängerpartie folgte besser} 14... Qb6 {
(verhindert den Rösselsprung nach d3!)} 15. Nb3 e6 16. Rc1 Bd6 17. Bxf6 gxf6
18. Qf3 f5 19. g3 Ke7 {und Schwarz konnte sich noch gut verteidigen, da der
Springer von b3 aus die ins Spiel fand. 1/2-1/2 Peralta,F (2556)-Mellado
Trivino,J (2412)/Salou 2005/CBM 106 ext (39)}) 15. Nd3 $3 {Man kann nur
mutmaßen, ob im stillen Kämmerlein (mit Levon?) vorbereitet oder am Brett
improvisiert - in jedem Fall erhält Weiß nun großen Vorteil. Auf den weißen
Feldern (d7!) spielt nun die Musik.} f6 $6 {
Erschrocken nimmt der Schwarze dem Pferd das Feld e5 weg.} ({
Er hätte das Figurenopfer aber vermutlich nicht annehmen können. Nach} 15...
Nxg5 16. Ne5 Ra7 17. Nc6 Qb6 18. Nxa7 Qxa7 19. Qc1 f6 (19... Ne6 20. Qc8+ Nd8
21. Rc1) 20. Qc8+ Kf7 21. Qxd7 Qxd4 {scheint es so, als wäre die Sache trotz
weißer Mehrqualle noch nicht ganz gegessen, bedingt der Tatsache, dass der
weiße König eine wacklige Position einnimmt, aber wegen Dauerschach noch nicht
wegrochieren darf. Doch nach} 22. Rd1 (22. O-O $2 Qe5 23. h3 Rxh3 24. gxh3 Nf3+
25. Kg2 Nh4+ 26. Kh1 Nf3) 22... Qe5+ 23. Be2 Qxb2 24. f4 {
zeigt die Maschine in allen Varianten großen weißen Vorteil an.}) 16. Qg4 {
Das ist dagegen zu schön, um wahr zu sein. Nun läuft wer schwarze König all
seinen Häschern davon.} (16. Be3 {Nach diesem simplen Rückzug zeigt Houdini
nicht nur eine klar vorteilhafte, sondern fast schon eine gewonenne Stellung
an. Zu schwach sind die hellen Felder im schwarzen Lager. Eine mögliche
Variante ist} Kf7 17. Qg4 Nb6 18. Rc1 Rc8 19. O-O {
und Schwarz hat riesige Probleme, sich zu entwickeln.}) 16... Nxg5 17. Nc5 (17.
f4 $1 {hielt den weißen Vorteil mittels vieler Computerzüge fest, aber Hand
aufs Herz - wer soll das denn finden?}) 17... Kf7 18. Bxd7 e5 {
Nun sind alle schwarzren Figuren im Spiel. Das Schlimmste ist für ihn vorbei.}
19. Be6+ $6 (19. Rc1 {mit Verstärkung der Stellung bot vielleicht mehr Chancen.
}) 19... Nxe6 20. Qxe6+ Kg6 21. Nd3 Bd6 22. dxe5 Re8 23. Qg4+ $6 {Ab diesem Mom
ent hat Schwarz gar keine Probleme mehr. Es sprach aber nichts gegen} (23. Qxd5
Bxe5 24. Qe4+ Kh6 25. Qh4+ Kg6 26. O-O-O {
und Weiß behält einen relativ soliden Mehrbauern.}) 23... Kf7 24. f4 fxe5 25.
fxe5 Bxe5 26. O-O+ Kg8 27. Rf3 Ra6 28. Raf1 Rh6 {Schwarz hat sich konsoldiert.
Es passiert bis zum Ende der Partie nicht mehr viel.} 29. h3 (29. Nxe5 Qb6+ 30.
Kh1 Rxe5) 29... Qb6+ 30. Kh1 Qe6 31. Rf5 Bb8 32. Nf4 Bxf4 33. Qxf4 Rg6 34. Qd2
Rd8 35. R5f4 Rg5 36. Qd3 Qg6 37. Qxg6 {schickt sich ins Remis, aber der starke
Freibauer garantierte Schwarz sowieso vollwertiges Spiel.} Rxg6 38. Rd4 Rg5
1/2-1/2

[Event "Tata Steel Chess Wijk an Zee"]
[Site "?"]
[Date "2012.01.14"]
[Round "1"]
[White "Karjakin, Sergei"]
[Black "Aronian, Levon"]
[Result "0-1"]
[WhiteElo "2769"]
[BlackElo "2805"]
[Annotator "Ilja Schneider"]
[PlyCount "84"]
[EventDate "2012.??.??"]

1. e4 e5 2. Nf3 Nc6 3. Bb5 a6 4. Ba4 Nf6 5. O-O Be7 6. d3 b5 7. Bb3 O-O 8. a4
b4 9. Nbd2 Bc5 {Soweit ich das mit meiner alten Base überschauen kann, ist
Levon der erste gute (!) Spieler, der in dieser konkreten Stellung auf die
Idee gekommen ist, vor d7-d6 den Läufer auf die andere Seite der Bauernkette
zu verfrachten. Sonst ist 9...d6 oder gleich 9...d5 die normale Wahl.} 10. h3
d6 11. c3 Rb8 12. Re1 Re8 13. a5 Ba7 14. Nf1 Ne7 15. Ng3 Ng6 16. d4 h6 17. Bc2
c5 {Aus Mangel an Sachkenntnissen habe ich mich in den letzten Zügen vornehm
zurückgehalten. Schwarz dürfte ausgeglichen haben, da sehr viele Figuren auf
beiden Seiten ähnlich gut stehen und Schwarz beim Vergleich der restlichen
(etwa Damentürme) um Gottes Willen nicht schlecht abschneidet.} 18. dxe5 dxe5
19. Bd3 {Karjakin plant, Druck auf den a6 zu machen...} Be6 {...doch Aronian
opfert ihn einfach. Mehr noch - Weiß sollte ihn auch schlagen, bevor er
komplett mit ...c4 eingschnürt wird.} 20. Bxa6 c4 21. Ra4 {
Wie ist nun dem eingesperrten Läufer auf a6 beizukommen?} Qc7 $1 22. cxb4 $1 {
Einziger Zug, bevor der schwarze Bauer noch nach b3 vorrückt undWeißparalysier
t. Doch nun holt den Läufer a6 sein Schicksal ein:} Bxf2+ 23. Kxf2 Qa7+ 24. Be3
Qxa6 {Wie ist die Stellung zu bewerten? Weiß hat einen Mehrbauern, aber sein
Damenflügel wird nicht wenig in dieser Form durchhalten. Außerdem ist die
weiße Königsstellung geschwächt.} 25. Kg1 Red8 26. Qc1 Rd3 {auf den weißen
Feldern agieren, übernimmt Levon immer mehr das Zepter. Es folgen vor der
Abholung des b4 einige Manöver...} 27. Rd1 Rb3 28. Qd2 Kh7 29. Kh2 Rb7 30. Qf2
Bd7 31. Ra2 R7xb4 32. Nh5 Bc8 $2 {Schwer zu sehen, warum, aber ein Fehler. Er
hätte frei nach Nimzowitsch den Zentrumsbauern fressen sollen und sich die
Folgen von} (32... Nxe4 33. Ng5+ Nxg5 34. Rxd7 Qe6 {angucken sollen.}) 33.
Nxf6+ $2 {Aber keine Kritik. Lassen Sie sich von Ihrem PC zeigen, wie Weiß mit
dem phantastischen Läufereinschlag} (33. Bxh6 $3 {Remis erzielt hätte.}) 33...
Qxf6 34. Kg1 Bb7 35. Nd2 Qxf2+ 36. Bxf2 Rd3 {Nun dominiert Schwarz, doch durch
den Freibauern in der a-Linie ist die Sache gar nicht klar. aber dass er nur
noch 6 Züge zum Gewinn benötigen wird, mutet durchaus ungewöhnlich an.} 37. a6
$6 Bxe4 38. Re1 Ba8 39. Ne4 Nf4 40. a7 f6 41. h4 c3 $6 {Wenn ich es nicht
besser wüsste, würde ich das Ende die Live-Version der aktuellen Partie als
Übertragungsfehler ansehen. Warum wirft Schwarz seinen wichtigsen Mann über
Bord, wobei der Weiße ihn nicht minehmen will?} 42. Nc5 $4 (42. Nxc3 Nxg2 43.
Rd1 Rxd1+ 44. Nxd1 Nxh4 {Vielleicht lebt Weiß bedingt durch den Freibauern a7
immer noch. Trotzdem kann ich nicht verstehen, warum der Rechner sich hier nur
für -0.3 erwärmen lasst.}) 42... c2 $1 {
Wenn er nicht genommen wird, dann geht er eben durch.} 0-1

[Event "72nd ch-ARM"]
[Site "Yerevan ARM"]
[Date "2012.01.13"]
[Round "3"]
[White "Minasian, Art"]
[Black "Melkumyan, H."]
[Result "0-1"]
[WhiteElo "2525"]
[BlackElo "2620"]
[Annotator "JW"]
[PlyCount "72"]
[EventDate "2012.01.11"]

1. e4 e5 2. Nf3 Nc6 3. Bb5 a6 4. Ba4 Nf6 5. d3 d6 6. c3 g6 7. d4 Bd7 8. O-O Bg7
9. Re1 O-O 10. Nbd2 Re8 11. d5 {Diese spanische Nebenvariante wurde in den
80ern von einigen Titelträgern gespielt, ohne wirklich große Popularität
erlangt zu haben. Interessant ist, dass Melkumyan keine Probleme damit hat,
königsindische Strukturen ohne seinen weißfeldrigen Läufer zu spielen (vgl.
auch seine Partie aus der ersten Runde). Minasian kommt vielleicht noch aus
einer Generation, in der auf allgemeine Regeln Wert gelegt wurde....um diese
dann im richtigen Moment zu brechen. Konkret ist d5 übrigens eine Neuerung.} (
11. a3 Bh6 12. Bc2 a5 13. Rb1 Bg7 14. b4 axb4 15. axb4 exd4 16. cxd4 Nh5 17. d5
Na7 18. Nc4 Nb5 19. Qd3 b6 20. h3 Nf6 21. Bg5 h6 22. Bh4 Qc8 23. g4 Nxe4 24.
Rxe4 Rxe4 25. Qxe4 Nc3 26. Qd3 Nxb1 27. Bxb1 Ra1 28. Ncd2 h5 29. gxh5 Bf5 30.
Ne4 c6 31. Nfd2 cxd5 32. Qxd5 Qe6 33. Qxe6 fxe6 34. Kh2 Rxb1 35. Nxb1 Bxe4 36.
Nd2 Bd5 37. hxg6 Bc3 38. Nf1 Be4 39. b5 Bxg6 40. Ne3 Bd4 41. Nc4 d5 42. Nd6 Kf8
43. Kg2 Bc5 44. Nb7 Be7 45. Bg3 Ke8 46. Bc7 d4 47. Kf3 d3 48. Ke3 Bb4 49. f3 d2
50. Ke2 Bc2 {0-1 Kupreichik,V (2485)-Anand,V (2555)/Belgrade 1988/TD}) 11...
Ne7 12. Bxd7 Nxd7 13. Nc4 h6 14. b4 Rf8 15. a4 f5 {Schwarz hat hier, trotz des
"schlechten" Läufers auf g7, keine allzugroßen Sorgen. Wenn man zum Beispiel
vergleicht, was Nakamura in letzter Zeit alles aushält, um seine "Mar del
Plata"-Walze doch noch anzusetzen, dann sieht das weiße Gegenspiel am
Damenfügel etwas langsam aus.} 16. Nfd2 Nf6 17. f3 h5 {Eine von den üblichen
kleinen Königsindisch-Feinheiten. Melkumian will f4 und g5 spielen , ohne mit
dem Blockadeversuch g4 rechnen zu müssen.} (17... f4 18. g4 $5) 18. Nf1 f4 19.
Na5 b6 20. Nb3 {Mein Houdini schlägt hier ernsthaft 20...h4 mit der Idee 21.h3
c6 vor. Es gibt Dinge, die man nicht verstehen muss. In drei Jahren kann man
das vielleicht mit Siris Enkelin ausdiskutieren ;-)} g5 $1 ({Houdini 1.5a x64:
} 20... c6 21. dxc6 Nxc6 22. Qe2 Kh7 23. Rd1 Qc7 24. Bb2 Rfc8 25. b5 axb5 26.
axb5 Rxa1 27. Rxa1 Nd8 28. Nfd2 Ne6 29. Qd3 Nd7 30. c4 Ndc5 31. Nxc5 Nxc5 32.
Qd5 Qe7 {[%eval 6,21]}) 21. c4 Qd7 22. Qd3 Ng6 23. a5 bxa5 24. Rxa5 Nh4 {
Die Blechbüchsen finden die weiße Stellung noch solange okay, bis die ersten
konkreten Dohungen am Köningsflügel Gestalt annehmen.} 25. c5 {Hier war viellei
cht 25.Ta2 ein vernünftigerer Versuch. Die schwarze Schwäche auf dem
Damenflügel läuft nicht weg, und um den weißen König wird es langsam zugig.} g4
26. c6 Qf7 27. Nbd2 Qg6 28. Re2 Bh6 29. Kh1 Kh8 30. Rxa6 $2 {
Jetzt wird es zählbar böse...} (30. Ra2 {
war noch ein Versuch. Wobei ich die weiße Stellung nach} Nh7 31. Qb1 Ng5 32.
fxg4 hxg4 33. g3 f3 34. Re3 Ng2 35. Rea3 Nh3 {nicht verteidigen möchte.}) 30...
Rxa6 31. Qxa6 gxf3 32. Nxf3 (32. gxf3 Rg8 33. Qa7 Nxe4 $1 34. Nxe4 Nxf3 35.
Nfg3 (35. b5 Qg1+ 36. Qxg1 Rxg1#) 35... fxg3 36. Nxg3 (36. Bxh6 g2+ 37. Rxg2
Qxg2#) 36... Bxc1 {ist frei nach Rainer Polzin ein "Massaker"}) 32... Nxf3 33.
gxf3 Rg8 34. Qa7 Nxe4 $1 35. fxe4 f3 36. Rc2 f2 (36... f2 $1 {Ein hübscher
Abschluss. Die Drohung Dg1 matt zwingt die Weisse Dame zurück in den eigenen
Palast ...um nach} 37. Qxf2 Qxe4+ {das Brett zu verlassen.} 38. Qg2 Rxg2 39.
Rxg2 Bxc1 $19 {Sehr beeinduckende Leistung von unserem Spitzenbrett. Einen in
Führung liegenden Artashes Minasian mit den schwarzen Steinen so im Regen
stehen zu lassen, ist alles andere als einfach. Der Mann war neben seinen
sechs armenischen Titeln auch der Gewinner der letzen UdSSR-Meisterschaft. Das
Turnier verspricht spannend zu werden. Derzeit liegen 4 Spieler mit 2 aus 3 an
der Spitze und Melkumyan führt nach Wertung!}) 0-1

[Event "Tata Steel Chess Wijk aan Zee"]
[Site "?"]
[Date "2012.01.15"]
[Round "2"]
[White "Aronian, Levon"]
[Black "Nakamura, Hikaru"]
[Result "1-0"]
[WhiteElo "2805"]
[BlackElo "2759"]
[Annotator "Schneider,Ilja"]
[PlyCount "117"]
[EventDate "2012.??.??"]
[SourceDate "2012.01.15"]

1. d4 f5 2. g3 Nf6 3. Bg2 g6 4. Nf3 Bg7 5. O-O O-O 6. c4 d6 7. Nc3 c6 8. Qb3
Kh8 9. Rd1 Na6 10. Qa3 Nc7 11. d5 c5 12. b4 {Eine Neuerung im Vergleich zu
einer früheren (unterklassigeren) Partie, aber auf den ersten Blick kaum eine,
die sich ernsthaft bewährt hat. Weiß verliert einige Zeit und schwächt sich
das Feld c5. Mir fehlt aber auch im Folgenden etwas an Sachkunde, um der
Partie folgen zu können.} cxb4 13. Qxb4 Na6 14. Qb1 Bd7 15. Nb5 Rc8 16. Nd2 Qb6
17. e3 {Schwarz hat nur natürliche Züge gemacht und verfügt gerade über schöne,
aktive Figuren und diverse Möglichkeiten. Auch wenn ich zugegebenermaßen kein
großer Nakamura-Anhänger bin (und wohl auch keiner mehr werde), lacht hier
doch das Herz eines jeden Holländisch-Spielers. Schwarz kann so viele Sachen
tun. Auf b5 tauschen und auf die c-Linie spielen, einen Springer nach e4
bringen, auf der langen Diagonale spielen, oder auch den Vorstoß ...f4
vorbereiten oder auch gleich ausführen... Hier kann es einem schon ein wenig
um unseren Levon werden!} Nc5 (17... Bxb5 18. cxb5 Nc7 {gewinnt einen Bauern,
auch wenn Weiß ein wenig Läuferpaar-Kompensation reklamieren kann.}) (17... f4
$5 18. gxf4 Bf5 19. Qb3 Nc5 20. Qa3 Nxd5 21. Bb2 Bxb2 22. Qxb2+ Nf6 {entfernt d
en Bauern d5 aus der Stellung, was natürlich aber auch den Läufer g2 befreit.})
18. a4 Qa5 (18... Nce4 {sieht auch sehr natürlich aus. Um den Bauern c4 zu
decken, kann nun etwa folgen:} 19. a5 Qa6 20. Bf1 Nxd2 21. Bxd2 Ne4 {
mit gemischten Chancen, aber keinem weißen Vorteil.}) 19. Ba3 a6 20. Bb4 Qd8
21. Nd4 Nxa4 {Nakamura nimmt die Herausforderung an. Die Frage ist, wie die
entstehende Stellung zu bewerten ist.} 22. Ne6 Bxe6 23. dxe6 Qe8 24. Bxb7 Rb8
25. Bxa6 Nc3 {Schwarz muss zugreifen, da sonst Lb5 erfolgt.} 26. Bxc3 Rxb1 27.
Rdxb1 g5 $1 {Korrekt. Schwarz wärmt die alte f5-f4-Idee wieder auf und
bereitet auch die Aktivierung der Dame auf dem Königsflügel vor.} 28. Rb7 Ng8 {
Der e7 ist wichtig und das weiße Läuferpaar wird gespalten.} 29. Bxg7+ Kxg7 30.
Rb5 Qg6 31. c5 dxc5 ({Subtiler wäre} 31... Qf6 $1 {um den weißen Turm, der ja
die Grundreihe bewachen will, von der a-Linie zu vertreiben. Dann hängt nach
dem Schlagen auf e6 manchmal noch der weiße Läufer. Außerdem nimmt die Idee
f5-f4 nun wirklich konkrete Züge an. Es sieht so aus, als hätte Schwarz hier
Vorteil, oder zumindest eine nette Initiative. Die weißen Figuren haben sich
noch lange nicht zu einer schlagkräftigen Einheit geformt.}) 32. Rxc5 Qxe6 33.
Nf3 Qd6 34. Nd4 $1 {Nun haben wir schon ein anderes Bild vor uns. Weiß hat den
Springer aktiviert und die hängenden Figuren überdeckt. Im Gegensatz zur
letzten Anmerkung ist der weiße Turm auf der 5 Reihe aktiv und lässt kein f4
mehr zu.} Kh8 35. Rc6 Qd7 36. Rac1 f4 (36... e5 {ist vielleicht besser, aber
man traut sich intuitiv nicht, die 7.Reihe blankzulegen.}) 37. Bc8 $1 {
Aber nun beißt sich Weiß ins e6-Feld fest und die vorgerückten schwarzen
Bauern sind vom Support abgeschnitten.} Qa7 38. Ne6 Rf6 {Der Vorteil geht
langsam aber sicher auf Weiß über. Schon hier war es besser, auf Kosten einer
Qualität mittels} (38... Rxc8 39. Rxc8 fxe3 40. Nxg5 exf2+ {
die weiße Bauernstruktur zu beschädigen.}) 39. exf4 gxf4 40. Rc7 Qa4 41. Nxf4
Rd6 $2 {Ab hier wird es nun richtiges Einbahnstraßenschach. Vermutlich hätte
ich persönlich schon auf f4 die Qualle gegeben, was aber hinsichtlich der
Aussichten, gegen Aronian die Partie zu halten, einem Glücksspiel gleichkommt.}
42. Be6 Rd1+ 43. Rxd1 Qxd1+ 44. Kg2 {
Weiß hat absolut dominante, unangreifbare Figuren.} Nf6 (44... Kg7 {war die let
zte Chance, wobei ich auch nicht weiß, ob Weiß sich sofort auf den Tausch auf
g8 einlassen muss. In beiden Fällen hat er extrem gute Erfolgsaussichten. Das
Spiel findet nur auf einem Flügel statt, die Dame kann ihre (eh begrenzten)
Defensivqualitäten kaum ausspielen.}) 45. Rxe7 {Ich weiß nicht, wie verloren
es hier objektiv bereits ist. Aber Aronian schlägt in dieser Stellung
jedenfalls jeden anderen Spieler auf diesem Planeten.} Qe1 46. Rf7 Qe4+ 47. f3
Qd4 48. Kh3 Qe5 49. Kh4 Qd4 50. Bg4 $1 {Entfesselt den Springer und macht ihm
gleichzeitig das Feld e6 frei, ohne dass der Läufer geschlagen werden darf.
Die Partie ist vorbei.} Qe5 (50... Qd6 51. Bf5 Nd5 52. Nxd5 Qxd5 53. Rxh7+ Kg8
54. Be4 {sollte easy gewonnen sein.}) 51. Ne6 h6 52. Rf8+ Ng8 53. f4 $1 Qb2 54.
Kh3 Qa1 55. Bh5 Kh7 56. Rf7+ Kh8 57. Bg6 Nf6 58. Rf8+ Ng8 59. Bf7 {
und der Springer geht verloren, ohne dass die Qualen ein Ende nehmen.} 1-0